| 000 | 01044nam 22001813 4500 | ||
|---|---|---|---|
| 001 | 196051 | ||
| 011 | _doferta | ||
| 090 | _a196051 | ||
| 100 | _a20250508d u||y0pory50 ba | ||
| 200 |
_aJornal de Elvas _eseminário regionalista _fdiretores Francisco António Teixeira Boaventura, Dr. José de Melo e Sousa) _gPropriedade e administrador Álvaro Santos |
||
| 210 |
_aElvas _cArmando Santos _d1945-1946 |
||
| 215 |
_a4 p. _cil. ; brochado _d45 cm |
||
| 300 | _aJornais: Ainda o jôgo de Montemor- Sport L. e Elvas . -nº 853, 1945. - 4 p. A bola : Campeonato nacional- II divisão : o sport Lisboa e Elvas com a vitória sôbre o União de Montemorpor 4-1, assegurou definitivamente o título de campeão da sua Zona. -nº 856, 1945 - p.4 A bola : os "leões" são campeões da série 14: em Montemor-o-Novo, o Sporting Club Elvense derrotou o «União» por 1-0. - nº 914. - 1946 | ||
| 606 |
_912097 _aPeriódicos de Elvas _x1945-1946 |
||
| 675 |
_a050 _vPT _zpor |
||
| 801 |
_aPT _bBMMN _gRPC |
||
| 830 |
_d08-05-2025 _g08-05-2025 |
||
| 990 | _cPERIODICOS | ||